Lun yu er shi jiang /
Saved in:
| Main Author: | |
|---|---|
| Other Authors: | |
| Format: | Book |
| Language: | Chinese |
| Published: |
Taibei :
Zhonghua shu ju,
Min guo 47 [1958]
|
| Subjects: | |
| Tags: |
Add Tag
No Tags, Be the first to tag this record!
|
| LEADER | 00969cam a2200289 i 4500 | ||
|---|---|---|---|
| 001 | 007725568-2 | ||
| 005 | 20024617105005.0 | ||
| 008 | 900120s1958 ch 000 0 chi c | ||
| 010 | |a c 64000568 | ||
| 035 | 0 | |a ocm23332144 | |
| 040 | |a Harvard Univ. Chinese-Japanese Library |c MiU |d NIC |d *YNH* |d CStRLIN | ||
| 050 | 0 | 0 | |a PL2471.Z7 |b W35 |
| 100 | 1 | |6 880-01 |a Wang, Xiangrong. | |
| 245 | 1 | 0 | |6 880-02 |a Lun yu er shi jiang / |c Wang Xiangrong bian zhu. |
| 246 | 3 | 0 | |6 880-03 |a Lun yu |
| 260 | |6 880-04 |a Taibei : |b Zhonghua shu ju, |c Min guo 47 [1958] | ||
| 300 | |a 2 v. ; |c 20 cm. | ||
| 600 | 0 | 0 | |6 880-05 |a Confucius. |t Lun yu. |
| 700 | 0 | 2 | |6 880-06 |a Confucius. |t Lun yu. |f 1958. |
| 880 | 1 | |6 100-01 |a 王向榮. | |
| 880 | 1 | 0 | |6 245-02 |a 論語二十講 / |c 王向榮編著. |
| 880 | 3 | 0 | |6 246-03 |a 論語 |
| 880 | |6 260-04 |a 台北 : |b 中華書局, |c 民國47 [1958] | ||
| 880 | 0 | 0 | |6 600-05 |a Confucius. |t 論語. |
| 880 | 0 | 2 | |6 700-06 |a Confucius. |t 論語. |f 1958. |
| 988 | |a 20021102 | ||
| 906 | |0 MH | ||


